000
00197 a2200097 4500
001
19814
100
_a
Faft, D R
245
_a
Criminology
260
_a
_b
Iliffe Book Ltd
_c
090
_c
14438
_d
14438
942
_a
NUST-CAE
_c
M
_c
4934
999
_c
254887
_d
254887